Library Logo

Pioneer International University Library Catalogue

Commodity speculation for beginners : (Record no. 2105)

MARC details
000 -LEADER
fixed length control field 00581pam a2200181 i 4500
005 - DATE AND TIME OF LATEST TRANSACTION
control field 20250901165323.0
008 - FIXED-LENGTH DATA ELEMENTS--GENERAL INFORMATION
fixed length control field 800610s1980 nyua b 001 0 eng
010 ## - LIBRARY OF CONGRESS CONTROL NUMBER
LC control number 80018343
020 ## - INTERNATIONAL STANDARD BOOK NUMBER
International Standard Book Number 0025554506
050 00 - LIBRARY OF CONGRESS CALL NUMBER
Classification number HG6046 .H83
Item number .H83
082 00 - DEWEY DECIMAL CLASSIFICATION NUMBER
Classification number 332.63/28
100 1# - MAIN ENTRY--PERSONAL NAME
Personal name Huff, Charles.
245 10 - TITLE STATEMENT
Title Commodity speculation for beginners :
Remainder of title a guide to the futures market /
Statement of responsibility, etc. Charles Huff and Barbara Marinacci.
260 ## - PUBLICATION, DISTRIBUTION, ETC.
Place of publication, distribution, etc. New York :
Name of publisher, distributor, etc. Macmillan ;
Place of publication, distribution, etc. London :
Name of publisher, distributor, etc. Collier Macmillan,
Date of publication, distribution, etc. c1980.
300 ## - PHYSICAL DESCRIPTION
Extent xv, 256 p. :
Other physical details ill. ;
Dimensions 24 cm.
500 ## - GENERAL NOTE
General note Includes index.
942 ## - ADDED ENTRY ELEMENTS (KOHA)
Source of classification or shelving scheme Dewey Decimal Classification
Holdings
Withdrawn status Lost status Source of classification or shelving scheme Damaged status Not for loan Home library Current library Shelving location Date acquired Total checkouts Full call number Barcode Date last seen Price effective from Koha item type
    Library of Congress Classification     Main Library Main Library   03/10/2021   HG6046 .H83 PIU0002965 03/10/2021 03/10/2021 Books